| 000 | 01238nam0a2200373 4500 | ||
|---|---|---|---|
| 001 | RU\NLR\bibl\298441 | ||
| 005 | 20260406045533.0 | ||
| 010 |
_a5-8159-0205-5 _bВ пер. _95000 |
||
| 021 |
_aRU _b2002-18638 _9936 |
||
| 035 | _a(NLR Aleph) 000293740 | ||
| 090 |
_a1720266 _c1720266 |
||
| 100 | _a20020806d2002 |||y0rusy50 ca | ||
| 101 | 0 | _arus | |
| 102 | _aRU | ||
| 105 | _ay ||||||||| | ||
| 200 | 1 |
_aМемуары _fЭмма Герштейн |
|
| 210 |
_aМ. _cЗахаров _d2002 |
||
| 215 |
_a761 с. _d21 |
||
| 606 | 0 |
_aРусская советская литература _jВоспоминания, записки и т.п. _9888281 _3RU\NLR\auth\66496 |
|
| 610 | 0 | _aРусская поэзия | |
| 675 |
_a821.161.1-94 Герштейн _v3 _zrus |
||
| 686 |
_a17.82 _2rugasnti |
||
| 686 |
_a84(2Рос-Рус)6 _2rubbk |
||
| 686 | _aШ6(2=Р)75-491 | ||
| 686 | _aШ5(2=Р)7,1 | ||
| 700 | 1 |
_4070 _7ca _8rus _aГерштейн _bЭ. Г. _f1903- _gЭмма Григорьевна _9115173 _3RU\NLR\auth\775205 |
|
| 801 | 0 |
_aRU _bRKP _c20020806 _gPSBO |
|
| 801 | 1 |
_aRU _bRKP _c20020806 |
|
| 801 | 2 |
_aRU _bNLR _c20020923 _grcr |
|
| 942 | _cBOOK | ||
| 980 | _aNB | ||